Destiny The Game Quiz - Statistics

General Stats
  • This quiz has been taken 36 times
  • The average score is 9 of 16
Answer Stats
Hint Answer % Correct
What's the currency called in Destiny? Glimmer
88%
What does the Cryptarch sell and decode? Engrams
85%
What were you doing when the ghost first found you? Nothing
85%
The land-vehicle used by the Fallen is called a... Pike
85%
Which planet did the humans first find The Traveler? Mars
81%
The Traveler hovers about humanity's last remaining metropolis. What is the name of this place? The Last City
73%
Where did the wizard come from? Moon
69%
Name the Warlock's secondary subclass unlocked at Lv. 15 Sunsinger
69%
Who regulates the Ironbanner Crucible challenges? Lord Saladin
62%
Which actor voices your character's Ghost? Peter Dinklage
50%
What's the name of the Strike Mission on Earth? The Devil's Lair
46%
What are the cards called that you collect while playing? Grimoire Cards
42%
Destiny was teased in an earlier Bungie game. What was that game? Halo 3 ODST
35%
What is the name of the Destiny alternate reality game (ARG)? Alpha Lupi
15%
What is the name of the Hive's main fortress on the Moon? Helmouth
15%
Which race was cut from the final game? Tiger Man
12%
No matching quizzes found
Score Distribution
Percent of People with Each Score
Percentile by Number Answered
Your Score History
You have not taken this quiz